000 00351nam a2200133 i 4500
001 bg
100 1 _aSKRZYPEK, Jacek.
245 0 _aTeoria plastyczności i pełzania.
_nCz. 1,
_pWprowadzenie teoretyczne /
_cJacek Skrzypek.
260 _aKraków,
_c1975.
040 _cBPK
041 _apol
942 _cKS
008 s pl f |000 0 pol
999 _c47129
_d47129
856 _uhttp://koha.tu.koszalin.pl/cgi-bin/koha/opac-detail.pl?biblionumber=47129
_yKatalog online BPK